00499nam a2200169Ia 4500003000400000005001700004008004100021020002900062040001700091082001900108100002600127245005700153260004000210300001700250650002400267650003800291IIN20240124164951.0231217s9999 xx 000 0 und d cRs.425.00a9788173719790 aIINbEnglish a610.73072bPAT1 aPatidar, Anurag Bhai 1 aNursing Research and StatisticscAnurag Bhai Patidar bUniversities PressaNew Delhic2016 axiii, 406 p.1 aResearch vNursing 1 aResearch and StatisticsvNursing